All Ice type Pokémon - Statistics

General Stats
  • This quiz has been taken 274 times
    190 since last reset
  • The average score is 48 of 58
Answer Stats
Type Generation Pokémon % Correct
Ice-Flying 1 Articuno
100%
Ice-Psychic 1 Jynx
97%
Dark-Ice 2 Sneasel
95%
Water-Ice 1 Dewgong
94%
Ice-Ghost 4 Froslass
94%
3 Glalie
94%
Water-Ice 1 Lapras
94%
3 Snorunt
94%
Ice-Ground 2 Piloswine
93%
Grass-Ice 4 Snover
93%
Ice-Ground 2 Swinub
93%
Dark-Ice 4 Weavile
93%
Grass-Ice 4 Abomasnow
92%
Ice-Ground 4 Mamoswine
92%
Ice-Water 3 Sealeo
92%
Ice-Water 3 Spheal
92%
Ice-Water 3 Walrein
92%
Ice-Flying 2 Delibird
90%
Dragon-Ice 5 Kyurem
90%
Water-Ice 1 Cloyster
89%
7 Alolan Vulpix
88%
Electric-Ice 4 Rotom Frost
88%
Ice-Psychic 2 Smoochum
88%
Ice-Steel 7 Alolan Sandshrew
87%
Ice-Steel 7 Alolan Sandslash
87%
6 Avalugg
87%
Ice-Rock 8 Hisuian Avalugg
87%
5 Vanillite
87%
5 Vanilluxe
87%
Ice-Fairy 7 Alolan Ninetales
86%
5 Beartic
86%
6 Bergmite
86%
5 Cubchoo
86%
3 Regice
86%
Rock-Ice 6 Amaura
85%
Rock-Ice 6 Aurorus
85%
Fighting-Ice 7 Crabominable
84%
5 Cryogonal
84%
Ice-Bug 8 Frosmoth
84%
Ice-Bug 8 Snom
83%
5 Vanillish
83%
Dragon-Ice 9 Baxcalibur
77%
Dragon-Ice 9 Frigibax
77%
4 Glaceon
77%
Dragon-Ice 9 Arctibax
74%
Water-Ice 8 Arctovish
73%
Electric-Ice 8 Arctozolt
72%
Psychic-Ice 8 Mr. Rime
72%
Dark-Ice 9 Chien-Pao
66%
Ice-Water 9 Iron Bundle
66%
Psychic-Ice 8 Galarian Mr.Mime
63%
8 Eiscue
62%
9 Cetitan
61%
3 Snowy Castform
60%
9 Cetoddle
58%
8 Galarian Darmanitan
58%
8 Galarian Darumaka
57%
8 Glastrier
57%
No matching quizzes found
Score Distribution
Percent of People with Each Score
Percentile by Number Answered
Your Score History
You have not taken this quiz since the last reset